Merlinus Anglicus junior : or the starry messenger for the year of our redemption, 1702. ... By Henry Coley, ...

Bibliographic Details
Main Author: Coley, Henry, 1633-1704?
Format: eBook
Language:English
Edition:The one and thirtieth impression.
Series:Eighteenth century collections online.
Online Access:Full text online

MARC

Tag First Indicator Second Indicator Subfields
LEADER 00000cam a2200000 4500
001 in00001908877
006 m | d |
007 cr |n||||||||n
008 800221s1702 enk|||| s 00||||eng d
005 20260407203525.0
035 |a (CStRLIN)ESTCT16938 
040 |a Uk-ES  |c Uk-ES  |d CStRLIN  |d Thomson Gale  |d UtOrBLW 
100 1 |a Coley, Henry,  |d 1633-1704? 
245 1 0 |a Merlinus Anglicus junior :  |b or the starry messenger for the year of our redemption, 1702. ... By Henry Coley, ... 
250 |a The one and thirtieth impression. 
264 3 |a London :  |b printed by Robert Everingham, for the Company of Stationers,  |c 1702. 
300 |a 48 unnumbered pages ;  |c 8⁰. 
336 |a text  |b txt  |2 rdacontent 
337 |a computer  |b c  |2 rdamedia 
338 |a online resource  |b cr  |2 rdacarrier 
500 |a Titlepage in red and black. 
500 |a Reproduction of original from the British Library. 
510 4 |a English Short Title Catalog,  |c ESTCT16938. 
533 |a Electronic reproduction.  |b Farmington Hills, Mich. :  |c Thomson Gale,  |d 2003.  |n Available via the World Wide Web.  |n Access limited by licensing agreements  |7 s2003 miunns 
500 |a Electronic resource. 
830 0 |a Eighteenth century collections online. 
856 4 0 |u http://proxy.library.tamu.edu/login?url=https://galenet.galegroup.com/servlet/ECCO?c=1&stp=Author&ste=11&af=BN&ae=T016938&tiPG=1&dd=0&dc=flc&docNum=CW123029748&vrsn=1.0&srchtp=a&d4=0.33&n=10&SU=0LRF&locID=txshracd2898  |z Full text online  |t 0 
999 |a MARS 
999 f f |s 7ece3cfc-9941-38d4-97b4-30fd4edd4dd2  |i 4c18839d-b02e-36b6-956f-74b185f948ca  |t 0 
952 f f |a Texas A&M University  |b College Station  |c Electronic Resources  |s www_evans  |d Available Online  |t 0  |h No information provided 
998 f f |t 0  |l Available Online